[Event "FIDE World Cup 2023"]
[Site "Baku AZE"]
[Date "2023.08.03"]
[Round "2.2"]
[White "Svane, R."]
[Black "Saric, Iv"]
[Result "1-0"]
[WhiteElo "2625"]
[BlackElo "2657"]
[PlyCount "157"]
[EventDate "2023.07.30"]
[EventType "k.o."]
[EventRounds "8"]
[EventCountry "AZE"]
[SourceTitle "The Week in Chess 1500"]
[Source "Mark Crowther"]
[SourceDate "2023.08.07"]
[SourceVersion "1"]
[SourceVersionDate "2023.08.07"]
[SourceQuality "2"]

1. d4 Nf6 2. c4 e6 3. Nf3 d5 4. Nc3 Bb4 5. Qa4+ Nc6 6. e3 O-O 7. Qc2 Ne7 8. Bd2 b6 9. a3 Bxc3 10. Bxc3 Ne4 11. Bd3 Bb7 12. cxd5 exd5 13. O-O Rc8 14. Rac1 Nf5 15. b4 Nfd6 16. a4 c5 17. dxc5 bxc5 18. bxc5 Rxc5 19. Qb2 Nxc3 20. Rxc3 Rxc3 21. Qxc3 Ne4 22. Qb4 Qb6 23. Qxb6 axb6 24. Rb1 Bc6 25. Rxb6 Bxa4 26. Bxe4 dxe4 27. Nd4 g6 28. h4 Rc8 29. Kh2 Bc2 30. g4 Bd1 31. Kg3 h5 32. g5 Ra8 33. Nc6 Kg7 34. Ne5 Ra5 35. Kf4 Ra2 36. Kg3 Ra5 37. Nc4 Rd5 38. Rd6 Rd3 39. Rd4 Bb3 40. Nd6 Bd5 41. Kf4 Bc6 42. Nc4 Rc3 43. Ne5 Bb5 44. Rxe4 Rc2 45. Kg3 Rc1 46. Rb4 Bc6 47. Rb8 Rg1+ 48. Kf4 Ba4 49. f3 Rh1 50. Kg3 Rg1+ 51. Kf2 Rh1 52. e4 Rh2+ 53. Kg3 Rh1 54. Nc4 Bd7 55. Rd8 Ba4 56. Nd6 Rb1 57. Ra8 Bd7 58. Ra7 Be6 59. Ra8 Bd7 60. Ra7 Be6 61. Ne8+ Kf8 62. Nf6 Rb8 63. Kf4 Kg7 64. Re7 Ra8 65. Re8 Rxe8 66. Nxe8+ Kf8 67. Nc7 Bh3 68. Nd5 Kg7 69. Ne3 Be6 70. Ke5 Bd7 71. Kd6 Bb5 72. Ke7 Be2 73. f4 Bf3 74. e5 Bg4 75. Nc4 Be6 76. Nd6 Bb3 77. Nxf7 Bxf7 78. e6 Bg8 79. Kd7 1-0

[Event "FIDE World Cup 2023"]
[Site "Baku AZE"]
[Date "2023.08.05"]
[Round "3.1"]
[White "Tabatabaei, M."]
[Black "Keymer, Vincent"]
[Result "0-1"]
[WhiteElo "2689"]
[BlackElo "2690"]
[PlyCount "194"]
[EventDate "2023.07.30"]
[EventType "k.o."]
[EventRounds "8"]
[EventCountry "AZE"]
[SourceTitle "The Week in Chess 1500"]
[Source "Mark Crowther"]
[SourceDate "2023.08.07"]
[SourceVersion "1"]
[SourceVersionDate "2023.08.07"]
[SourceQuality "2"]

1. d4 Nf6 2. Nf3 e6 3. Bf4 d5 4. Nbd2 c5 5. e3 Qb6 6. Rb1 cxd4 7. exd4 Bd7 8. c3 Bb5 9. h4 Nc6 10. Bxb5 Qxb5 11. Qb3 a6 12. Qxb5 axb5 13. a3 Nd7 14. Nb3 f6 15. O-O Kf7 16. Rfe1 Re8 17. Rbd1 Nb6 18. Re2 Nc8 19. Rde1 Bd6 20. Bxd6 Nxd6 21. Nc5 Nd8 22. g3 Re7 23. Kg2 Rhe8 24. Ng1 Nc6 25. Nh3 b6 26. Nd3 h6 27. h5 e5 28. dxe5 fxe5 29. Rd1 Ne4 30. Nb4 Nxb4 31. axb4 Nf6 32. g4 d4 33. f3 e4 34. fxe4 dxc3 35. bxc3 Rxe4 36. Rxe4 Rxe4 37. Nf2 Rf4 38. Rd8 Nxg4 39. Kg3 Rxf2 40. Kxg4 Rg2+ 41. Kh4 Rh2+ 42. Kg4 Rg2+ 43. Kh4 Ke6 44. Rb8 Ke5 45. Rb7 Rg1 46. Kh3 Rg5 47. Kh4 g6 48. Rxb6 Rxh5+ 49. Kg4 Ke4 50. Rc6 Rg5+ 51. Kh4 Kf4 52. Rf6+ Ke3 53. Rc6 Rg1 54. c4 g5+ 55. Kh5 Rh1+ 56. Kg6 g4 57. cxb5 g3 58. Rc3+ Kf4 59. Rc4+ Kf3 60. Rc3+ Kg4 61. b6 Rd1 62. Rc6 g2 63. b7 g1=Q 64. b8=Q Kh4+ 65. Kf7 Rd7+ 66. Ke8 Qg8+ 67. Kxd7 Qxb8 68. Rxh6+ Kg5 69. Rd6 Qxb4 70. Kc6 Kf5 71. Rd5+ Ke6 72. Rc5 Qa4+ 73. Kc7 Qd7+ 74. Kb6 Kd6 75. Rc3 Qd8+ 76. Kb5 Qg5+ 77. Kc4 Qf4+ 78. Kb5 Qe4 79. Rb3 Kd5 80. Ka5 Qe7 81. Kb5 Qe8+ 82. Kb4 Kd4 83. Rb2 Qe7+ 84. Kb3 Kd3 85. Ka2 Qe6+ 86. Kb1 Qg8 87. Rb7 Qg1+ 88. Ka2 Qg2+ 89. Rb2 Qd5+ 90. Kb1 Kc3 91. Ka1 Qe6 92. Kb1 Qe1+ 93. Ka2 Qd1 94. Rb8 Qe2+ 95. Ka1 Qf1+ 96. Ka2 Qf2+ 97. Kb1 Qg1+ 0-1

[Event "FIDE World Cup 2023"]
[Site "Baku AZE"]
[Date "2023.08.07"]
[Round "3.9"]
[White "Vidit, S."]
[Black "Bluebaum, M."]
[Result "1-0"]
[WhiteElo "2719"]
[BlackElo "2672"]
[PlyCount "155"]
[EventDate "2023.07.30"]
[EventType "k.o."]
[EventRounds "8"]
[EventCountry "AZE"]
[SourceTitle "The Week in Chess 1500"]
[Source "Mark Crowther"]
[SourceDate "2023.08.07"]
[SourceVersion "1"]
[SourceVersionDate "2023.08.07"]
[SourceQuality "2"]

1. d4 Nf6 2. c4 e6 3. Nc3 d5 4. cxd5 exd5 5. Bg5 Be7 6. e3 O-O 7. Bd3 Re8 8. Nf3 h6 9. Bf4 c5 10. O-O Nc6 11. dxc5 Bxc5 12. h3 a6 13. Rc1 Bd6 14. Bxd6 Qxd6 15. Bb1 Be6 16. Ne2 Rad8 17. Qa4 Bd7 18. Qb3 Na5 19. Qc3 Qb6 20. Qd4 Qxd4 21. Nfxd4 Rc8 22. Bd3 Nc6 23. Rcd1 Nxd4 24. Nxd4 Rc7 25. Bc2 Bb5 26. Rfe1 Rec8 27. Bb1 Ba4 28. b3 Bd7 29. f3 g6 30. g4 Kg7 31. Kf2 Ng8 32. h4 Ne7 33. Rh1 Nc6 34. Ne2 Ne7 35. Nf4 Be6 36. g5 hxg5 37. hxg5 Rh8 38. Rxh8 Kxh8 39. e4 dxe4 40. Nxe6 fxe6 41. Bxe4 Kg7 42. Rd6 Kf7 43. Rb6 Nd5 44. Bxd5 exd5 45. Ke3 Rc2 46. a4 Rg2 47. Kf4 Ke7 48. Rxb7+ Kd6 49. Rb6+ Kc5 50. Rxg6 d4 51. Rg8 Kb4 52. Rd8 Kc3 53. b4 d3 54. b5 axb5 55. axb5 Rb2 56. Rd5 Kc4 57. Rd8 Rxb5 58. g6 Rb7 59. Kf5 Kc3 60. Kf6 Rb6+ 61. Kg5 Rb5+ 62. Kh6 Rf5 63. g7 Rxf3 64. Rc8+ Kd2 65. Rc5 Rh3+ 66. Rh5 Rg3 67. Rg5 Rxg5 68. Kxg5 Ke2 69. g8=Q d2 70. Qc4+ Ke1 71. Qe4+ Kf2 72. Qd3 Ke1 73. Qe3+ Kd1 74. Kf4 Kc2 75. Qe2 Kc1 76. Qc4+ Kb2 77. Qd3 Kc1 78. Qc3+ 1-0

[Event "Women's World Teams Final"]
[Site "Bydgoszcz POL"]
[Date "2023.09.09"]
[Round "1.1"]
[White "Wagner, Dinara"]
[Black "Kamalidenova, Meruert"]
[Result "1-0"]
[WhiteElo "2468"]
[BlackElo "2351"]
[Annotator "Borik"]
[PlyCount "73"]
[EventDate "2023.09.09"]
[EventType "team-k.o. (rapid)"]
[EventRounds "3"]
[EventCountry "POL"]
[SourceTitle "The Week in Chess 1505"]
[Source "Mark Crowther"]
[SourceDate "2023.09.11"]
[SourceVersion "1"]
[SourceVersionDate "2023.09.11"]
[SourceQuality "2"]
[WhiteTeam "Germany"]
[BlackTeam "Kazakhstan"]
[WhiteTeamCountry "GER"]
[BlackTeamCountry "KAZ"]

{[%evp 0,73,26,22,26,35,46,31,37,37,29,38,44,43,71,62,53,42,72,14,-6,2,39,31,22,25,38,27,40,17,42,17,38,41,34,10,30,41,49,49,54,56,55,57,101,87,100,119,107,117,126,90,257,48,134,118,181,193,193,329,333,337,505,539,521,428,562,615,615,1203,1284,1477,2003,29984,29989,698]} 1. d4 Nf6 2. Nf3 g6 3. c4 Bg7 4. Nc3 d6 5. e4 O-O 6. Be2 Na6 7. O-O e5 8. Be3 Qe7 9. Nd5 Nxd5 10. cxd5 exd4 11. Bxd4 Nc5 12. Bxg7 Kxg7 13. Qd4+ Kg8 14. Nd2 a5 15. Rfe1 f6 16. Rac1 Bd7 17. b3 b5 18. a3 b4 19. axb4 axb4 20. Qxb4 Rfb8 21. Qd4 Ra2 22. Bc4 Qe5 23. Qe3 Ra3 24. Nf3 Qe8 25. Qd4 Bb5 26. e5 Qf8 27. exf6 Bxc4 28. Rxc4 Raxb3 29. Ng5 Rb1 30. Rcc1 Rxc1 31. Rxc1 Nb3 32. Qh4 h5 33. f7+ Kh8 34. Re1 Ra8 35. Qf4 Qe7 36. Ne6 g5 37. f8=Q+ 1-0